000 00317nam a22001457a 4500
020 _a81-7130-240-2
082 _a894.812.3
_bBAS/N
100 _aBASHEER
245 _aENDUPPUPPAKKORANENDARNNU
260 _aKOTTAYAM
_bDC BOOKS
_c2018
300 _a128
520 _aSHORT STOY
650 _aSHORT STORY
942 _cBK
999 _c4192
_d4192